000 00660nam a2200241Ia 4500
003 OSt
005 20220918212149.0
006 a|||||r|||| 00| 0
007 ta
008 220917b |||||||| |||| 00| 0 eng d
024 _a127,551
037 _cTextual
040 _aARTS
_cARTS
_beng
041 _2eng
_aeng
082 _aX.1.N<-L, M7
100 _aGoldsmith Raymond W
_9122743
245 0 _aPremodern financial systems
_b a historical comparative study
260 _aCambridge
_bCUP
_c1987
300 _axi,348p.
_ccm.
650 _aECONOMICS
942 _hX.1.N<-L, M7
_cTEXL
_2CC
999 _c250693
_d250693